000 00822nam a2200205Ia 4500
003 OSt
005 20260407154434.0
008 220915b |||||||| |||| 00| 0 hin d
037 _cTB
040 _aARTS
_cARTS
_bhin
041 _2hin
_ahin
100 _aतिवारी, नन्दकिशोर
_98978
245 0 _aमध्ययुग के भक्ति काव्य में माया
246 _aMadhyayug ke bhakti kāvya mean māyā
260 _aइलाहाबाद
_bशोध साहित्य प्रकाशन भारत
_c1974
300 _a398 पृ0
650 _aहिन्दी साहित्य
942 _hO152,1(Delta25):g, L4
_cTB
_2CC
999 _c113993
_d113993